Statistiques concernant Paroles - Toko Toko (Dadju ft. Ronisia)

Cliquez ici pour prendre le quiz!

Statistiques générales

  • Ce quiz a été pris 43 fois
  • Le résultat moyen est 295 sur 391

Statistiques - réponses

Paroles% Correct
a
97%
à
97%
d'
97%
c'
94%
ce
94%
j'
94%
J'
94%
qu'
94%
s'
94%
T'
94%
t'
94%
DadjuTu
94%
tu
94%
es
91%
es,
91%
je
91%
l'
91%
m'
91%
on
91%
On
91%
se
91%
de
89%
Est-
89%
est
89%
et
89%
Et
89%
la
89%
là,
89%
que
89%
le
86%
moi,
86%
moi.
86%
sais
86%
sais,
86%
as
83%
au
83%
Dadju | RonisiaÇa
83%
ça
83%
du
83%
fais
83%
qui
83%
ressemble ?
83%
Dadju | RonisiaToi
83%
dans
80%
Dans
80%
dire
80%
final...
80%
final,
80%
n'
80%
ressens ?
80%
ta
80%
toko,
80%
toko
80%
DadjuToko
80%
ton
80%
veut
80%
ai
77%
attitude,
77%
Comme
77%
comme
77%
les
77%
penser
77%
tout.
77%
truc
77%
Baby
74%
déjà.
74%
déjà
74%
girl
74%
mais
74%
sens
74%
y
74%
demande
71%
réponse,
71%
semblant
71%
si
71%
connaissais
69%
debout.
69%
en
69%
rien
69%
te
69%
demander.
66%
dernier
66%
emploi.
63%
envie.
63%
façon
63%
lâchera
63%
mode
63%
plus
63%
être
60%
faut
60%
pas
60%
regarde
60%
voir
60%
vois
60%
beau
57%
Dadju | RonisiaIl
57%
Dadju | RonisiaReste
57%
sur
57%
anticipes,
54%
codes,
54%
comment
54%
fait
54%
oh
54%
Oh
54%
parle
54%
photos,
54%
zéro
54%
agit
51%
ah
51%
belle
51%
quand
51%
bang
49%
bang.
49%
vice
49%
vrai.
49%
dingue
46%
dingue,
46%
fautes.
46%
pi
46%
sait,
46%
sait
46%
suis
46%
t'es,
46%
t'es
46%
vue.
46%
maîtrises,
43%
mêmes,
43%
perd
43%
retenir
43%
trop
43%
un
43%
balle
40%
parler,
40%
sans
40%
tas
40%
camp,
37%
pour
37%
Pour
37%
regarder,
34%
approche
31%
autre
31%
eh.
31%
hommes
31%
Écrivez "Refrain"Refrain
31%
fera
29%
jaloux
29%
celle
26%
rends
26%
tient
11%

Distribution des résultats

Percentile par nombre de réponses

% des personnes avec chaque résultat

Votre développement - résultats

Vous n’avez pas pris ce quiz